Vývoj podnikateľského prostredia v Európskej únii a jej susedstve v období krízy V. - fokus na (vybrané štáty) EÚ a južné susedstvo EÚ

Vývoj podnikateľského prostredia vo vybraných štátoch EÚ a v jej susedstve. Teritoriálna vizualizácia skúmaného podnikateľského prostredia vybraných štátov EÚ a Západného Balkánu. Predpoklad demografického vývoja vo vybraných štátoch EÚ. Regionálny kontext.

Na minha lista:
Detalhes bibliográficos
Autor principal: Čiderová, Denisa, 1977-
Outros Autores: Šimorová, Lenka
Formato: Capítulo de Livro
Idioma:eslovaco
Assuntos:
Tags: Adicionar Tag
Sem tags, seja o primeiro a adicionar uma tag!

MARC

LEADER 00000naa a2200000 4500
001 0183419
005 20240502073134.3
041 0 |a slo 
044 |a SK 
245 1 0 |a Vývoj podnikateľského prostredia v Európskej únii a jej susedstve v období krízy V. - fokus na (vybrané štáty) EÚ a južné susedstvo EÚ  |c Denisa Čiderová, Lenka Šimorová 
520 |a Vývoj podnikateľského prostredia vo vybraných štátoch EÚ a v jej susedstve. Teritoriálna vizualizácia skúmaného podnikateľského prostredia vybraných štátov EÚ a Západného Balkánu. Predpoklad demografického vývoja vo vybraných štátoch EÚ. Regionálny kontext. 
610 2 0 |a spolupráca hospodárska medzinárodná 
610 2 0 |a vzťahy medzinárodné 
610 2 0 |a prostredie podnikateľské 
610 2 0 |a konkurencieschopnosť 
610 2 0 |a partnerstvo strategické 
610 2 0 |a demografia 
610 2 0 |a Európska únia 
100 1 |a Čiderová, Denisa, 1977- 
700 1 |a Šimorová, Lenka